000 00422cam a2200181 4500
001 D12416
008 090401t1959 xxu||||| |||| 00| 0 eng d
035 _a(Sirsi) u94139
041 _aeng
100 _aClendinnip, J.
245 _aPrinciples and use of surveying instruments
250 _a2nd
260 _aLondon
_bBlackie & Son
_c1959
350 _a0
520 _aShelf 152
942 _n0
948 _c04/03/1997
999 _c97914
_d97914